| 000 | 00669nam a22001937a 4500 | ||
|---|---|---|---|
| 005 | 20251108165359.0 | ||
| 008 | 250721s1986 xx 000 0 ara d | ||
| 082 | 1 | 4 | _aم/922.13/شاه |
| 100 | 1 | _aإبن شاهين، أبو حفص عمر بن أحمد بن عثمان | |
| 245 | 1 | 0 | _aتاريخ أسماء الثقات ممن تقل عنهم العلم / |
| 264 | 1 |
_aبيروت : _bدار الكتب العلمية، _c1986. |
|
| 300 | _a374ص | ||
| 650 | 1 | 7 | _aالحديث الشريف |
| 650 | 1 | 7 | _aرواية الحديث |
| 650 | 1 | 7 | _aالتراجم |
| 700 | 1 |
_aقلعجي، عبد المعطي أمين _eتحقيق |
|
| 942 |
_2ddc _cREF |
||
| 999 |
_c26542 _d26542 |
||